000 00453nam a22001817a 4500
003 MPLRDC
005 20220104114354.0
008 210129b ||||| |||| 00| 0 eng d
020 _a962-17-1079-0
082 _a848.3 LWF-3 v.9
100 _a梁望峰著
245 _a女校生怪谈
_c
260 _a
_b博益出版集团有限公司
_c1992
300 _b
490 _a梁望峰作品;9
650 _a现代别集
942 _cBK
_o848.3 LWF-3 v.9
999 _c6961
_d6951